Normal view
MARC view
- Sumesh Kumar
Entry Personal Name
001 - CONTROL NUMBER
- control field: 92363
003 - CONTROL NUMBER IDENTIFIER
- control field: NUST
005 - DATE AND TIME OF LATEST TRANSACTION
- control field: 20220703105346.0
008 - FIXED-LENGTH DATA ELEMENTS
- fixed length control field: 220703|| aca||aabn | a|a d
040 ## - CATALOGING SOURCE
- Original cataloging agency: NUST
- Transcribing agency: NUST
100 ## - HEADING--PERSONAL NAME
- Personal name: Sumesh Kumar
670 ## - SOURCE DATA FOUND
- Source citation: Work cat.: (NUST)13266: Sumesh Kumar, FPGA Based Video Warper, 2015
